| 000 | 00840nam a2200181Ia 4500 | ||
|---|---|---|---|
| 005 | 20240905031628.0 | ||
| 008 | 240331s9999 xx 000 0 und d | ||
| 020 | _a9051662998 | ||
| 082 |
_bNOR _a613.042 |
||
| 245 | 0 |
_aNorplant : _bunder her skin |
|
| 260 |
_aAmsterdam _bWomen's Health Action Foundation _c1993 |
||
| 300 | _a126 p ., | ||
| 500 | _aUnder her skin describe the use of Norplant. a new long-acting contraceptive, in Indonesia, Finland, Thailand , Brazil and Egypt. A review of international acceptability studies is also included. Norplant consists of six hormone- releasing rods implanted under the skin of a woman's arm and is effective for five years. minor surgery is needed for insertion and removal. | ||
| 700 |
_aMintzes, B. _eedt |
||
| 700 |
_aHardon, Anita _eedt |
||
| 700 |
_aHanhart, Jennemieke _eedt |
||
| 942 | _cL | ||
| 999 |
_c3016 _d3016 |
||